| 000 | 00664cab a2200205 4500 | ||
|---|---|---|---|
| 001 | ABS37800 | ||
| 008 | 090401t1987 xxu||||| |||| 00| 0 eng d | ||
| 035 | _a(Sirsi) u6809 | ||
| 041 | _aeng | ||
| 100 | _aFidler, J. | ||
| 245 | _aCleaning buildings | ||
| 260 | _c1987 | ||
| 350 | _a0 | ||
| 490 |
_aTraditional Homes _vJuly 1987, 28-30(3) |
||
| 520 | _aLooks at the process of cleaning masonry , pointing out some problems that can arise, before describing the three main methods: water washing, abrasion and the use of chemicals. | ||
| 650 | _aBRICKWORK | ||
| 690 | _aBUILDING AND CONSTRUCTION-REPAIRS AND MAINTENANCE | ||
| 942 | _n0 | ||
| 948 | _c04/03/1997 | ||
| 999 |
_c4048 _d4048 |
||